000 00845nam a2200241Ia 4500
008 191130s2009##################000#0#eng##
020 _a9780393068153
022 _a2009010723
040 _aACL
_cACL
082 _a779.9781642 BAR
100 _aBarnwell, Tim
245 _aHands in harmony : traditional crafts and music in Appalachia
_cTim Barnwell ; foreword by Jan Davidson
250 _a1st ed
260 _aNew York
_bW. W. Norton & Company
_c2009
300 _a188 p. : ill. ; 27 cm. + 1 CD (digital ; 4 3/4 in.) ; hpk
650 _aAppalachian Region - Social life and customs - Pictorial works
650 _aBarnwell, Tim, 1955-
650 _aCountry musicians - Appalachian Region - Portraits
650 _aPhotography of handicraft
990 _ab01bede7ac10000c7ecc182d6b0699eb
991 _a345910
999 _c201391
_d201391